La tercera revolución educativa: la educación en la sociedad del conocimiento

Saved in:
書目詳細資料
主要作者: Esteve Zarazaga, José Manuel (Author)
格式: 圖書
語言:西班牙语
出版: Barcelona Paidós Ibérica 2003
叢編:Papeles de Pedagogía, 61
主題:
標簽: 添加標簽
沒有標簽, 成為第一個標記此記錄!

MARC

LEADER 00000nam a2200000 a 4500
001 UCL7632
003 CL-VaPUC
008 040528e20030000SP |||||||||||||||||spa|d
020 |a 8449314720 
082 0 4 |a 306.43  |b EST  |2 21 
100 0 |a Esteve Zarazaga, José Manuel  |e author  |9 485459 
245 1 3 |a La tercera revolución educativa: la educación en la sociedad del conocimiento 
300 |a 262 p 
942 |c BK 
945 |d 20040528 00:00:00  |a cmena 
260 |a Barcelona  |b Paidós Ibérica  |c 2003 
650 0 |a Sociología de la educación   |9 260380 
650 0 |a Cambio social   |9 256857 
650 0 |a Modelos educacionales  |9 339132 
650 0 |a Calidad de la educación   |9 307271 
650 0 |a Formación profesional de profesores  |9 307493 
583 |a last modification  |c 20040528 00:00:00  |k Rodrigo Vera 
490 0 |a Papeles de Pedagogía, 61 
999 |c 309264  |d 309262 
952 |0 0  |1 0  |4 0  |6 306_430000000000000_EST_2003  |7 0  |8 A  |9 376645  |a BIBEDU  |b BIBEDU  |d 2019-11-21  |i 4020413  |o 306.43 EST 2003  |p 4020413  |r 2019-11-21  |w 2019-11-21  |y BK  |k EDU